Allgemeinwissen Quiz #7 - Statistiken

Allgemein
  • Dieses Quiz wurde 10.228 mal gespielt
    8.351 seit der letzten Aktualisierung
  • Das Durchschnittsergebnis liegt bei 11 aus 20
Antwortstatistiken
Frage Antwort % Korrekt
Was fressen Große Pandas hauptsächlich? Bambus
97%
An welches Land grenzt die Schweiz im Westen? Frankreich
96%
Welches Kleidungsstück wird berühmt von Dracula und Superman getragen? Umhang
90%
2, 3, 7, 11 und 19 sind Beispiele welcher Zahlenart? Primzahlen
86%
Welcher biblische Charakter führte die Israeliten aus Ägypten? Moses
71%
Welche Schauspielerin spielte Hermine Granger? Emma Watson
70%
In welchem Film spielt die Handlung auf dem Mond des Planeten Pandora? Avatar
69%
Was kommt zwischen Milli und Nano? Mikro
67%
Was sind die drei am häufigsten erwähnten Modemarken im Hip-Hop? Gucci
55%
Wie wird nekrotisierende Fasziitis umgangssprachlich genannt? {Fleisch}fressende Bakterien
54%
Welches Land liegt größtenteils in Anatolien? Türkei
54%
Aus den Eiern welches Fisches wird traditionell Kaviar hergestellt? Belugastör
47%
Was sind die drei am häufigsten erwähnten Modemarken im Hip-Hop? Prada
41%
Wie heißt der dreiköpfige Hund, der den Hades bewacht? Kerberos
35%
Welches Land war früher als Ceylon bekannt? Sri Lanka
35%
Aus welcher Pflanze wird Tequila hergestellt? Blaue {Agave}
33%
Welches Wort bezeichnet sowohl eine Baumart als auch ein Teil des Gesichts? Kiefer
26%
Wovor hat ein Choreophobiker Angst? Tanzen
25%
Welcher Komet kommt alle 76 Jahre in die Nähe der Erde? {Halley}'scher Komet
20%
Was sind die drei am häufigsten erwähnten Modemarken im Hip-Hop? Versace
13%
Keine übereinstimmenden Quizze gefunden
Verteilung der Resultate
Anzahl Personen mit jedem Resultat
Perzentil nach korrekt beantworteten Fragen
Ihre Resultats-Entwicklung
Sie haben dieses Quiz seit der letzten Aktualisierung nicht gespielt